logo

Bir Sreshtho Munshi Abdur Rouf Library
Jhenaidah Cadet College

The wonderful lamp / (Record no. 5922)

MARC details
000 -LEADER
fixed length control field 00917nam a2200289 a 4500
001 - CONTROL NUMBER
JCCL Control Number 5922
003 - CONTROL NUMBER IDENTIFIER
JCCL marc code BD-JhCC
005 - DATE AND TIME OF LATEST TRANSACTION
control field 20171231194555.0
008 - FIXED-LENGTH DATA ELEMENTS--GENERAL INFORMATION
fixed length control field 690925s1969 maua j 000 1 eng d
035 ## - SYSTEM CONTROL NUMBER
system control number (BD-JhCC)5922
040 ## - CATALOGING SOURCE
Original cataloging agency BD-JhCC
Transcribing agency DLC
Modifying agency BD-JhCC
041 1# - LANGUAGE CODE
Language code of Book engger
050 00 - LIBRARY OF CONGRESS CALL NUMBER
Classification number PZ7.V86
Item number Wo5
082 00 - DEWEY DECIMAL CLASSIFICATION NUMBER
Classification number [Fic]
Author mark and Year VOE 1963
100 1# - MAIN ENTRY--PERSONAL NAME
Personal name Voegeli, Max.
240 10 - UNIFORM TITLE
Uniform title Die wunderbare Lampe.
245 14 - TITLE STATEMENT
Title The wonderful lamp /
Statement of responsibility, etc Max Voegeli, Translated by E. M. Prince. Illustrated by Felix Hoffmann
260 ## - PUBLICATION, DISTRIBUTION, ETC. (IMPRINT)
Place of publication, distribution, etc Boston,
Name of publisher, distributor, etc Houghton Mifflin
Date of publication, distribution, etc [1969]
300 ## - PHYSICAL DESCRIPTION
Pagination 229 p.
Other physical details illus.
Dimensions 22 cm.
490 0# - SERIES STATEMENT
Series statement Merit books
520 ## - SUMMARY, ETC.
Summary, etc A beggar boy of Bagdad decides to search for the magic lamp of Aladdin and has adventures which ultimately change his life.
650 ## - SUBJECT ADDED ENTRY--TOPICAL TERM
Topical term or geographic name as entry element Novel English
651 #1 - SUBJECT ADDED ENTRY--GEOGRAPHIC NAME
Geographic name Baghdad (Iraq)
General subdivision Fiction.
700 1# - ADDED ENTRY--PERSONAL NAME
Personal name Hoffmann, Felix,
942 ## - ADDED ENTRY ELEMENTS (KOHA)
Source of classification or shelving scheme Dewey Decimal Classification
Koha item type Books
Holdings
Source of classification or shelving scheme Damaged status Not for loan Home library Current library Shelving location Date of accession Full call number Barcode Date last seen Copy number Koha item type
Dewey Decimal Classification     JCC Rouf Library JCC Rouf Library General Stacks 12/30/2017 833.91 VOE 1963 8104 12/30/2017 C - 1 Books

JCC Library | Contacts | JCC Home

Last Update on 23 September 2017
Copyright @ 2017-2020 JCC Rouf Library
Rouf Library, Jhenidah Cadet College (JCC), Bangladesh